Itineraris : Les Rutes del Garraf : comarca Les Rutes del Garraf :
Descripción Física:
[8] p. : il. col., fot. ; 21 cm
MARC
| LEADER | 00000nam a2200000Ia 4500 | ||
|---|---|---|---|
| 001 | 18406 | ||
| 008 | 160829s9999 xx 000 0 cat d | ||
| 080 | |a FU-1-59 | ||
| 245 | |a Itineraris : |b Les Rutes del Garraf : |b comarca | ||
| 260 | |a [Barcelona] : |b Diputació de Barcelona, DL 2000 | ||
| 300 | |a [8] p. : |b il. col., fot. ; |c 21 cm | ||
| 590 | |a A la portada: Turisme Total. | ||
| 590 | |a Inclou mapa de la zona | ||
| 651 | 0 | |a Garraf (Catalunya : Massís) |v Guies |9 54346 | |
| 651 | 0 | |a Garraf (Catalunya : Massís) |v Circuits turístics |9 54347 | |
| 710 | 1 | |a Barcelona (Catalunya : Província). |b Diputació |9 52408 | |
| 901 | |a Arxiu | ||
| 942 | |n 1 | ||
| 952 | |0 0 |1 0 |4 0 |6 FU159 |7 1 |9 43742 |a Arxiu |b Arxiu |d 2016-12-01 |l 0 |o FU-1-59 |p 18406 |r 2016-12-01 00:00:00 |w 2016-12-01 |y ARXIU | ||
| 999 | |c 46290 |d 46290 | ||